000 00416nam a2200145 i 4500
001 96418
003 ES-MaACL
005 20230906181918.0
007 t|
008 050617s1949 sp ||||1| cat d
245 0 0 _aMajorque
_b: guide par des images.
260 _aPalma de Majorque :
_b[s.n.],
_c1949 (
_fImp. Mossén Alcover)
300 _a96 p., 2 plan. :
_bil. ;
_c21 cm.
852 _aES-MaACL
_j1905-F-12
_bR.29115
999 _c96418
_d96418